000 00385nam a2200157Ia 4500
003 OSt
005 20240219104414.0
008 170524s9999 xx 000 0 und d
020 _a978-8173918391
040 _cIIMT UNIVERSITY
100 _aRatandeep Singh
245 0 _aHotel front desk management and online services
260 _bKanishka Pub.
260 _c2006
942 _2ddc
_c02
999 _c7386
_d7386